Principles of Financial Accounting (Record no. 5243)

MARC details
005 - DATE AND TIME OF LATEST TRANSACTION
control field 20250626082612.0
020 ## - INTERNATIONAL STANDARD BOOK NUMBER
International Standard Book Number 978-0-07-299654-8
082 ## - DEWEY DECIMAL CLASSIFICATION NUMBER
Classification number 657 WIL
100 ## - MAIN ENTRY--PERSONAL NAME
Author name WILD, J. J.
245 ## - TITLE STATEMENT
Title Principles of Financial Accounting
250 ## - EDITION STATEMENT
Edition statement 8th Ed.
260 ## - PUBLICATION, DISTRIBUTION, ETC.
Place of publication, distribution, etc. New York,
Name of publisher, distributor, etc. McGraw Hill,
Date of publication, distribution, etc. 2007
300 ## - PHYSICAL DESCRIPTION
Extent xxxii, 367p.; ill.; figure, table, picture
Other physical details Appendix
Dimensions 27cm
700 ## - ADDED ENTRY--PERSONAL NAME
Other authors/Editors LARSON, K. D. & CHIAPPETA, B.
942 ## - ADDED ENTRY ELEMENTS (KOHA)
Source of classification or shelving scheme Dewey Decimal Classification
Koha item type Books
Holdings
Date last seen Total checkouts Full call number Barcode Cost, replacement price Price effective from Koha item type Lost status Source of classification or shelving scheme Damaged status Not for loan Withdrawn status Home library Current library Shelving location Date acquired Cost, normal purchase price
06/26/2025   657 WIL DOM000397 465000.00 06/26/2025 Books   Dewey Decimal Classification       CBE Dodoma CBE Dodoma General Collection 02/17/2010 155000.00
06/26/2025   657 WIL DOM000395 465000.00 06/26/2025 Books   Dewey Decimal Classification       CBE Dodoma CBE Dodoma General Collection 02/17/2010 155000.00
06/26/2025   657 WIL DOM000396 465000.00 06/26/2025 Books   Dewey Decimal Classification       CBE Dodoma CBE Dodoma   06/26/2025 155000.00
06/27/2025   657 WIL DOM000477 465000.00 06/27/2025 Books   Dewey Decimal Classification       CBE Dodoma CBE Dodoma General Collection 02/17/2010 155000.00
06/27/2025   657 WIL DOM000403 465000.00 06/27/2025 Books   Dewey Decimal Classification       CBE Dodoma CBE Dodoma General Collection 02/17/2010 155000.00
06/27/2025   657 WIL DOM000543 465000.00 06/27/2025 Books   Dewey Decimal Classification       CBE Dodoma CBE Dodoma General Collection 02/17/2010 155000.00
06/27/2025   657 WIL DOM000350 465000.00 06/27/2025 Books   Dewey Decimal Classification       CBE Dodoma CBE Dodoma General Collection 02/17/2010 155000.00
06/27/2025   657 WIL DOM000181 465000.00 06/27/2025 Books   Dewey Decimal Classification       CBE Dodoma CBE Dodoma General Collection 02/17/2010 155000.00
06/27/2025   657 WIL DOM000481 465000.00 06/27/2025 Books   Dewey Decimal Classification       CBE Dodoma CBE Dodoma General Collection 02/17/2010 155000.00
06/27/2025   657 WIL DOM000482 465000.00 06/27/2025 Books   Dewey Decimal Classification       CBE Dodoma CBE Dodoma General Collection 02/17/2010 155000.00